IFRIC update (Record no. 107564)

MARC details
000 -LEADER
fixed length control field 01079cad a22002055a 4500
001 - CONTROL NUMBER
control field L140890
008 - FIXED-LENGTH DATA ELEMENTS--GENERAL INFORMATION
fixed length control field 070522s2007 xxk f 000 0 eng d
035 ## - SYSTEM CONTROL NUMBER
System control number (Sirsi) u140890
041 0# - LANGUAGE CODE
Language code of text/sound track or separate title eng
110 2# - MAIN ENTRY--CORPORATE NAME
Corporate name or jurisdiction name as entry element International Accounting Standards Board
9 (RLIN) 4097
245 00 - TITLE STATEMENT
Title IFRIC update
Remainder of title September 2007
Medium [electronic resource]
260 ## - PUBLICATION, DISTRIBUTION, ETC.
Place of publication, distribution, etc. London
Name of publisher, distributor, etc. IASB
Date of publication, distribution, etc. 2007
490 #0 - SERIES STATEMENT
Series statement IFRIC Update
Volume/sequential designation September 2007
520 ## - SUMMARY, ETC.
Summary, etc. Summary of the IFRIC meeting in London on 6 and 7 September 2007, when it discussed: IAS 18 Revenue?Customer contributions; IAS 27 Consolidated and Separate Financial Statements?Non-cash distributions; IFRS 2 Share-based Payment?Group cash-settled share-based payment transactions; IAS 39 Financial Instruments: Recognition and Measurement; IFRIC agenda decisions; Tentative agenda decisions; IFRIC work in progress.
590 ## - LOCAL NOTE (RLIN)
Local note KA
651 #4 - SUBJECT ADDED ENTRY--GEOGRAPHIC NAME
Geographic name International
690 ## - LOCAL SUBJECT ADDED ENTRY--TOPICAL TERM (OCLC, RLIN)
Topical term or geographic name as entry element MANAGEMENT-BUSINESS MANAGEMENT-FINANCIAL MANAGEMENT-ACCOUNTING-FINANCIAL REPORTING
856 40 - ELECTRONIC LOCATION AND ACCESS
Uniform Resource Identifier <a href="https://www.iasb.org/">https://www.iasb.org/</a>
Public note View the item free of charge at www.iasb.org...
942 ## - ADDED ENTRY ELEMENTS (KOHA)
Suppress in OPAC 0
Holdings
Withdrawn status Lost status Source of classification or shelving scheme Damaged status Not for loan Home library Current library Shelving location Date acquired Total Checkouts Full call number Barcode Date last seen Copy number Price effective from Koha item type
    Dewey Decimal Classification     Virtual Virtual Online 16/10/2007   ONLINE PUBLICATION 140890-1001 06/08/2019 1 06/08/2019 Book